书目信息 |
| 题名: |
3C认证中的电磁兼容测试和对策
|
|
| 作者: | 钱振宇 编著 | |
| 分册: | ||
| 出版信息: | 北京 电子工业出版社 2004 |
|
| 页数: | 10,416页 | |
| 开本: | 24cm | |
| 丛书名: | 电磁兼容技术系列 | |
| 单 册: | ||
| 中图分类: | TN03 | |
| 科图分类: | ||
| 主题词: | 电子设备--结构 | |
| 电子资源: | ||
| ISBN: | 7-120-00111-6 | |
| 000 | 00910oam2 2200265 45 | |
| 001 | 0900000013284 | |
| 005 | 20050914082528.81 | |
| 010 | @a7-120-00111-6@dCNY39.00 | |
| 100 | @a20041009d2004 ekmy0chiy0120 ea | |
| 101 | 0 | @achi |
| 102 | @aCN@b110000 | |
| 105 | @aak az 000yy | |
| 200 | 1 | @a3C认证中的电磁兼容测试和对策@A3C ren zheng zhong de dian ci jian rong ce shi he dui ce@f钱振宇编著@Fqian zhen yu bian zhu |
| 210 | @a北京@c电子工业出版社@d2004 | |
| 215 | @a10,416页@c图@d24cm | |
| 225 | 2 | @a电磁兼容技术系列 |
| 320 | @a有书目 | |
| 330 | @a本书介绍了中国强制性产品认证制度的有关内容、电磁兼容基本名词术语,以及电磁兼容测试标准和方法;着重讲述了电子产品的电磁兼容性设计等内容。 | |
| 461 | 0 | @12001 @a电磁兼容技术系列 |
| 606 | 0 | @a电子设备@x结构 |
| 690 | @aTN03@v4 | |
| 701 | 0 | @a钱振宇@Aqian zhen yu@4编著 |
| 801 | 0 | @aCN@bTSSF@c20050914 |
| 905 | @a10447@dTN03@e71 | |
| 999 | @aLLW@eSue | |
| 3C认证中的电磁兼容测试和对策/钱振宇编著.-北京:电子工业出版社,2004 |
| 10,416页:图;24cm.-(电磁兼容技术系列 ) |
| ISBN 7-120-00111-6:CNY39.00 |
| 本书介绍了中国强制性产品认证制度的有关内容、电磁兼容基本名词术语,以及电磁兼容测试标准和方法;着重讲述了电子产品的电磁兼容性设计等内容。 |
| ● |
| 相关链接 |
|
|
|
|
正题名:3C认证中的电磁兼容测试和对策
索取号:TN03/71
 
预约/预借
| 序号 | 登录号 | 条形码 | 馆藏地/架位号 | 状态 | 备注 |
| 1 | 0360984 | 3609848 | 第二样本阅览室/ [索取号:TN03/71] | 在馆 | |
| 2 | 0360985 | 3609857 | 第三借阅区/ [索取号:TN03/71] | 在馆 | |
| 3 | 0360986 | 3609866 | 第三借阅区/ [索取号:TN03/71] | 在馆 |